Random CS:GO Quiz - Statistics

General Stats
  • This quiz has been taken 329 times
    328 since last reset
  • The average score is 8 of 11
Answer Stats
Question Answer % Correct
On all defusal maps, there are ____ bombsites. 2
95%
What is the common term for killing an enemy player with a sniper rifle without using the scope? Noscope
94%
What is the most expensive SMG? P90
88%
There are two starting pistols available to CTs. They are the P2000 and what other gun? USP-S
88%
A "fake flash" is when you toss a gun (often a pistol) or _____ grenade to make it seem like you are flashing the enemy. Decoy
87%
What is the term for shooting an enemy player through an entity (most often a door or plaster wall) called? Wallbang
84%
Which weapon will award a $1500 kill reward in Competitive mode and $750 in Casual mode? Knife
81%
What is the common term for killing an enemy player with one shot from the Desert Eagle called? One Deag
64%
What is the cheapest SMG available to both teams? UMP-45
61%
What is ducking out of cover and getting back into cover (mainly to see where an enemy is) called? Peeking
44%
What is the number entered by the Terrorist who plants the C4 Explosive when activating the bomb? 7355608
37%
No matching quizzes found
Score Distribution
Percent of People with Each Score
Percentile by Number Answered
Your Score History
You have not taken this quiz since the last reset